000 00570nam a2200217Ia 4500
008 101110s9999 xx 000 0 und d
041 _aENGLISH
082 _bSR34444
100 _aWest Dauglas B.
245 _aIntroduction to graph theory 2nd ed
260 _c2001
_bPHI learning pvt. Ltd, New Delhi
300 _a588
365 _b350
520 _aMathematics
546 _aENGLISH
630 _aIntroduction to graph theory 2nd ed
650 _aMathematics
655 _aMathematics
730 _aIntroduction to graph theory 2nd ed
942 _cBOOK
999 _c826945
_d826942